000 00806nam a2200193Ii 4500
003 JO-AjNU
008 230605s9999||||xx |||||||||||||| ||und||
040 _aJO-AjNU
_bara
_erda
_cJO-AjNU
041 _aara
050 1 4 _aPJ6696.F3477 1985
100 3 _aتأليف الرازي، فخر الدين (محمد بن عمر) ؛ تحقيق وتقديم إبراهيم السامرائي ، محمد بركات حمدي أبو علي,
_eauthor
_939281
245 0 0 _aنهاية الإيجاز في دراية الإعجاز
264 3 1 _aعمان: دار الفكر للنشر والتوزيع ، 1985
300 _a214ص
336 _atext
_btxt
_2rdacontent
337 _aunmediated
_bn
_2rdamedia
338 _avolume
_bnc
_2rdacarrier
650 4 _aاللغة العربية - بلاغة - إعجاز
_939282
999 _aA16577
_c20145
_d20145